[Event "21st Open"]
[Site "Oberwart"]
[Date "1999.07.15"]
[Round "6.23"]
[White "STANEC, Nikolaus"]
[Black "STEINERT, Martin"]
[Result "1-0"]
[WhiteElo "2477"]
[BlackElo "2142"]
[PlyCount "57"]
[EventDate "1999.07.15"]

1. c4 e5 2. Nc3 Nc6 3. Nf3 d6 4. d4 exd4 5. Nxd4 Bd7 6. g3 Nge7 7. Bg2 Nxd4 8.
Qxd4 Nc6 9. Qe4+ Be6 10. Nd5 Be7 11. Bd2 Bf6 12. Nxf6+ Qxf6 13. Bc3 Qg6 14.
Qxg6 hxg6 15. Bxg7 Rh7 16. Bf6 Bxc4 17. Rc1 Bb5 18. O-O Kd7 19. h4 Ke6 20. Bc3
f5 21. Rfd1 Rf8 22. e3 Nd8 23. e4 f4 24. e5 fxg3 25. fxg3 dxe5 26. Bh3+ Kf6 27.
Rd5 Bc6 28. Rf1+ Kg7 29. Bxe5+ 1-0

[Event "21st Open"]
[Site "Oberwart"]
[Date "1999.07.15"]
[Round "6.24"]
[White "ZIMMERMAN, Yuri"]
[Black "PETROCZI, Thomas"]
[Result "1-0"]
[WhiteElo "2440"]
[BlackElo "2140"]
[PlyCount "165"]
[EventDate "1999.07.15"]

1. d4 Nf6 2. c4 e6 3. Nc3 Bb4 4. Qc2 Bxc3+ 5. bxc3 d5 6. cxd5 exd5 7. Ba3 Ne4
8. Nf3 c5 9. dxc5 Nc6 10. e3 Qa5 11. Bb2 O-O 12. Bd3 f5 13. O-O Nxc5 14. c4
Nxd3 15. Qxd3 Be6 16. Ng5 dxc4 17. Qd6 Bf7 18. Rfc1 Qb4 19. Nxf7 Rxf7 20. Qxb4
Nxb4 21. Rxc4 Nd5 22. Rd1 Rd7 23. g4 fxg4 24. Rxg4 g6 25. h4 Rad8 26. h5 Kf7
27. hxg6+ hxg6 28. Rh4 b5 29. Rdd4 a5 30. Rh7+ Ke6 31. Re4+ Kd6 32. Rh6 Rg8 33.
Rg4 Ne7 34. Rg5 Kc6 35. Bd4 Rd5 36. Rg4 Rd6 37. Rh7 Nf5 38. Be5 Rd7 39. Rxd7
Kxd7 40. e4 Nd6 41. f3 Nc4 42. Bd4 a4 43. Rg5 Nd6 44. Bc5 Nf7 45. Rd5+ Ke6 46.
Bb4 Rb8 47. Kf2 Rb6 48. Ke3 Ne5 49. f4 Nc6 50. Rd6+ Kf7 51. Bc5 Ra6 52. Rd7+
Ke6 53. Rb7 b4 54. Bxb4 Nxb4 55. Rxb4 a3 56. Kd4 Rd6+ 57. Kc3 Rd1 58. Ra4 Rf1
59. Kd4 Rxf4 60. Rxa3 g5 61. Ra6+ Ke7 62. Ke5 Rf2 63. Ra7+ Kf8 64. Ke6 g4 65.
Ra8+ Kg7 66. Ra3 Rf3 67. Ra7+ Kg6 68. Ra8 Rf7 69. e5 Rf4 70. Ke7 Kg7 71. Ra3
Kg6 72. e6 Rf3 73. Rxf3 gxf3 74. Kd6 f2 75. e7 Kf7 76. Kd7 f1=Q 77. e8=Q+ Kg7
78. Qe5+ Kf7 79. Qd5+ Kg7 80. a4 Qa6 81. a5 Qa7+ 82. Kc8 Kf6 83. Qd8+ 1-0

[Event "21st Open"]
[Site "Oberwart"]
[Date "1999.07.15"]
[Round "6.25"]
[White "BAUMEGGER, Siegfried"]
[Black "ZSIFKOVITS, Robert"]
[Result "1-0"]
[WhiteElo "2409"]
[BlackElo "2126"]
[PlyCount "81"]
[EventDate "1999.07.15"]

1. c4 Nf6 2. Nc3 d5 3. cxd5 Nxd5 4. g3 g6 5. Bg2 Nb6 6. d3 Bg7 7. Be3 Nc6 8.
Bxc6+ bxc6 9. Nf3 O-O 10. Qd2 Be6 11. Bh6 c5 12. Bxg7 Kxg7 13. O-O Rb8 14. b3
Bg4 15. Ne5 Bd7 16. Ne4 f6 17. Nxd7 Nxd7 18. Qa5 c6 19. Qxa7 Ra8 20. Qb7 Qc8
21. Qxc8 Rfxc8 22. Rfc1 Rcb8 23. Nxc5 Nxc5 24. Rxc5 Rxb3 25. Rxc6 Rb2 26. a4
Rxe2 27. a5 Rb8 28. a6 Rbb2 29. Rb6 Ra2 30. Rxa2 Rxa2 31. Kg2 Kf7 32. Kf3 h5
33. h4 Ra4 34. Ke3 Ra2 35. Kd4 Rxf2 36. Kc5 Rc2+ 37. Kb5 Ra2 38. Rc6 Rb2+ 39.
Kc5 Rb1 40. a7 Ra1 41. Kb6 1-0

[Event "21st Open"]
[Site "Oberwart"]
[Date "1999.07.15"]
[Round "6.26"]
[White "GAERTNER, Guntram"]
[Black "VODEP, Otto"]
[Result "1-0"]
[WhiteElo "2336"]
[BlackElo "2122"]
[PlyCount "41"]
[EventDate "1999.07.15"]

1. d4 g6 2. c4 f5 3. Nc3 Nf6 4. f3 d6 5. e4 Bg7 6. e5 dxe5 7. dxe5 Qxd1+ 8.
Kxd1 Nfd7 9. f4 Nc5 10. Be3 Ne6 11. h4 b6 12. Be2 Bb7 13. Bf3 Bxf3+ 14. Nxf3
Nd7 15. Kc2 h6 16. g3 Kf7 17. Rad1 Rad8 18. h5 g5 19. Nb5 a6 20. Nbd4 c5 21.
Nxf5 1-0

[Event "21st Open"]
[Site "Oberwart"]
[Date "1999.07.15"]
[Round "6.27"]
[White "FRICK, Guenter"]
[Black "THOMA, Robert"]
[Result "0-1"]
[WhiteElo "2165"]
[BlackElo "2310"]
[PlyCount "116"]
[EventDate "1999.07.15"]

1. d4 d5 2. c4 c6 3. e3 Nf6 4. Nc3 e6 5. Bd2 Bd6 6. c5 Bc7 7. f4 b6 8. b4 O-O
9. Bd3 a5 10. a3 Ba6 11. Bc2 Bc4 12. cxb6 Bxb6 13. Na4 Bc7 14. Nh3 Nbd7 15. Nf2
axb4 16. axb4 Nb6 17. Nxb6 Rxa1 18. Qxa1 Bxb6 19. g4 Ne4 20. Bxe4 dxe4 21. Qc3
Bd5 22. g5 Qa8 23. O-O Qa6 24. Ra1 Qe2 25. Qc2 e5 26. Re1 Qh5 27. dxe5 f6 28.
exf6 gxf6 29. Qd1 Qxd1 30. Nxd1 fxg5 31. fxg5 Rf5 32. h4 Rf4 33. Rf1 Rxh4 34.
Rf2 Rg4+ 35. Rg2 Rxg2+ 36. Kxg2 Kf7 37. Nc3 Kg6 38. b5 Kxg5 39. Na4 Bd8 40. b6
c5 41. b7 Bxb7 42. Nxc5 Bd5 43. Bc3 Kf5 44. Kh3 Bc4 45. Kg2 h5 46. Be1 Bg5 47.
Bf2 Be7 48. Na4 h4 49. Nb6 Be6 50. Bg1 Kg4 51. Na4 h3+ 52. Kf2 Bh4+ 53. Ke2
Bc4+ 54. Kd2 Bf2 55. Bh2 Kf3 56. Bf4 Bxe3+ 57. Bxe3 h2 58. Nb2 Be2 {Klappe!}
0-1

[Event "21st Open"]
[Site "Oberwart"]
[Date "1999.07.15"]
[Round "6.28"]
[White "KLEISER, Gregor"]
[Black "TITZ, Heimo"]
[Result "0-1"]
[WhiteElo "2157"]
[BlackElo "2310"]
[PlyCount "68"]
[EventDate "1999.07.15"]

1. e4 c5 2. Nf3 Nc6 3. d4 cxd4 4. Nxd4 Nf6 5. Nc3 d6 6. Bg5 e6 7. Qd2 a6 8.
O-O-O h6 9. Bh4 Nxe4 10. Qf4 Ng5 11. Nxc6 bxc6 12. Qa4 Qc7 13. f4 Nh7 14. Bc4
Bd7 15. Rhe1 Nf6 16. f5 e5 17. Qb3 Bxf5 18. Rf1 Bg6 19. Bxf6 gxf6 20. Rxf6 Rd8
21. Bxa6 Bg7 22. Nb5 cxb5 23. Rxg6 O-O 24. Bxb5 Kh7 25. Rg3 e4 26. Qd5 f5 27.
Rf1 Be5 28. Rxf5 Rxf5 29. Qxe4 Bf4+ 30. Kb1 Rdf8 31. Rf3 d5 32. Qb4 Bd6 33. Qg4
Rxf3 34. gxf3 Qg7 0-1

[Event "21st Open"]
[Site "Oberwart"]
[Date "1999.07.15"]
[Round "6.29"]
[White "KREBS, Johann"]
[Black "PINGITZER, Harald"]
[Result "0-1"]
[WhiteElo "2130"]
[BlackElo "2308"]
[PlyCount "40"]
[EventDate "1999.07.15"]

1. d4 d5 2. c4 c6 3. Nc3 e6 4. Nf3 dxc4 5. e3 b5 6. a4 Bb4 7. Bd2 Qb6 8. Ne5
Nf6 9. b3 Nd5 10. Ne4 c3 11. Qh5 cxd2+ 12. Ke2 O-O 13. Kf3 Nd7 14. Bd3 f5 15.
Ng5 N5f6 16. Qh4 Be7 17. Be2 Nxe5+ 18. dxe5 h6 19. Nh3 Nd5 20. Qg3 bxa4 0-1

[Event "21st Open"]
[Site "Oberwart"]
[Date "1999.07.15"]
[Round "6.30"]
[White "KOENIG, Dietrich"]
[Black "STANKA, Wolfgang"]
[Result "0-1"]
[WhiteElo "2305"]
[BlackElo "2118"]
[PlyCount "78"]
[EventDate "1999.07.15"]

1. d4 Nf6 2. c4 d5 3. Nc3 c6 4. cxd5 cxd5 5. Nf3 Nc6 6. Bf4 Bf5 7. e3 e6 8. Bb5
Nd7 9. O-O Be7 10. Qb3 O-O 11. Rfc1 Rc8 12. Bxc6 bxc6 13. Qb7 a5 14. Ne5 Nxe5
15. Bxe5 Bd6 16. Bxd6 Qxd6 17. Na4 e5 18. dxe5 Qg6 19. Kh1 Rb8 20. Qc7 Rb4 21.
Rxc6 Qh5 22. Nc3 Be6 23. e4 d4 24. Nd5 Rxb2 25. Qxa5 Rxf2 26. Rg1 Qe2 27. Qe1
Qxa2 28. Nb4 Qe2 29. Nd3 Qxd3 30. Qxf2 Qxe4 31. Rc5 Rd8 32. Re1 Qa8 33. Qf3 Qa2
34. Kg1 d3 35. Rd1 h5 36. Rc3 Bg4 37. Qf1 Bxd1 38. Qxd1 Qd5 39. h3 Qd4+ 0-1

[Event "21st Open"]
[Site "Oberwart"]
[Date "1999.07.15"]
[Round "6.31"]
[White "ZELENIKA, Srdjan"]
[Black "GOMBOC, Miha"]
[Result "1-0"]
[WhiteElo "2286"]
[BlackElo "2117"]
[PlyCount "87"]
[EventDate "1999.07.15"]

1. Nf3 Nf6 2. g3 g6 3. b3 Bg7 4. Bb2 d6 5. d4 Bd7 6. Bg2 Qc8 7. O-O Bh3 8. Re1
Bxg2 9. Kxg2 h5 10. h4 b5 11. Qd3 Qb7 12. e4 O-O 13. Nbd2 Nbd7 14. Rab1 e5 15.
dxe5 dxe5 16. Rbd1 Rad8 17. Qe2 Ne8 18. Ng5 Nc5 19. Qe3 Nd7 20. c4 b4 21. a3 a5
22. axb4 axb4 23. Ndf3 Qc6 24. Qd2 f6 25. Nh3 Nd6 26. Qd5+ Qxd5 27. Rxd5 Nb6
28. Rc5 Rf7 29. Ra5 Nb7 30. Rb5 Bf8 31. Bxe5 fxe5 32. Nxe5 Rf6 33. Nf4 Kh7 34.
Ned3 c5 35. e5 Rc6 36. Nd5 Nxd5 37. cxd5 Rc7 38. d6 Rg7 39. Nxc5 Nxc5 40. Rxc5
Ra7 41. Re4 Rb7 42. Rec4 Rdb8 43. Rd4 Kg7 44. Rc7+ 1-0

[Event "21st Open"]
[Site "Oberwart"]
[Date "1999.07.15"]
[Round "6.38"]
[White "KOS, Karol"]
[Black "SANDHOEFNER, Florian"]
[Result "0-1"]
[WhiteElo "2115"]
[BlackElo "2233"]
[PlyCount "60"]
[EventDate "1999.07.15"]

1. d4 Nf6 2. Nf3 g6 3. c4 Bg7 4. Nc3 d6 5. e4 O-O 6. Be2 e5 7. d5 a5 8. O-O Na6
9. Be3 Ng4 10. Bg5 f6 11. Bd2 f5 12. Bg5 Nf6 13. exf5 gxf5 14. Nd2 h6 15. Bh4
Qe8 16. Qc2 Kh8 17. Rae1 Rg8 18. Kh1 Qg6 19. Rg1 h5 20. h3 Bh6 21. Nf3 Nc5 22.
b3 e4 23. Nd4 Bg5 24. Bg3 e3 25. f3 f4 26. Qxg6 Rxg6 27. h4 fxg3 28. hxg5 Rxg5
29. Bf1 Ng4 30. fxg4 hxg4 0-1

[Event "21st Open"]
[Site "Oberwart"]
[Date "1999.07.16"]
[Round "7.1"]
[White "EINGORN, Vereslav"]
[Black "GALKIN, Alexander"]
[Result "1/2-1/2"]
[WhiteElo "2589"]
[BlackElo "2535"]
[PlyCount "110"]
[EventDate "1999.07.16"]

1. c4 c6 2. Nf3 d5 3. e3 Nf6 4. Nc3 e6 5. b3 Nbd7 6. Qc2 Be7 7. d4 b6 8. Bd3
Bb7 9. O-O Qc7 10. Bb2 Rd8 11. Rac1 Qb8 12. Rfd1 h6 13. Qe2 O-O 14. Bb1 Bd6 15.
e4 dxe4 16. Nxe4 Bf4 17. Rc3 c5 18. g3 Bc7 19. Rcc1 Nxe4 20. Bxe4 Rfe8 21. Rd2
Qa8 22. Bxb7 Qxb7 23. Rcd1 cxd4 24. Rxd4 Nf6 25. Ne5 Rxd4 26. Rxd4 Rd8 27. Ng4
Rxd4 28. Nxf6+ gxf6 29. Bxd4 Bd8 30. Qg4+ Kh7 31. Qh5 Qe7 32. Be3 Qf8 33. c5 f5
34. c6 Bc7 35. Qd1 Qe8 36. Qh5 Qf8 37. h3 Qg7 38. Kh2 Qf6 39. Qd1 e5 40. Qc2
Kg8 41. f3 h5 42. Kg2 Qg6 43. Kf2 f4 44. Qxg6+ fxg6 45. Bc1 fxg3+ 46. Kxg3 Kf7
47. f4 e4 48. Bb2 g5 49. Be5 Bxe5 50. fxe5 Ke6 51. Kf2 g4 52. h4 Ke7 53. Kg2 e3
54. Kg3 Ke6 55. Kg2 Ke7 1/2-1/2

[Event "21st Open"]
[Site "Oberwart"]
[Date "1999.07.16"]
[Round "7.2"]
[White "LERNER, Konstantin"]
[Black "LOGINOV, Valery"]
[Result "1-0"]
[WhiteElo "2588"]
[BlackElo "2530"]
[PlyCount "95"]
[EventDate "1999.07.16"]

1. Nf3 Nf6 2. c4 c5 3. Nc3 e6 4. g3 b6 5. Bg2 Bb7 6. O-O Be7 7. Re1 d5 8. cxd5
Nxd5 9. e4 Nxc3 10. bxc3 O-O 11. d4 Nd7 12. Bf4 cxd4 13. cxd4 Nf6 14. Ne5 Rc8
15. Qa4 a6 16. Rad1 b5 17. Qb3 Nd7 18. Nxd7 Qxd7 19. Bh3 Rc4 20. d5 Bb4 21.
dxe6 Qe8 22. Re3 Bc5 23. Bd6 Bxd6 24. Rxd6 Bxe4 25. f3 Qb8 26. e7 Qxd6 27.
exf8=Q+ Kxf8 28. Rxe4 Rxe4 29. fxe4 Qd4+ 30. Kf1 Qxe4 31. Bg2 Qd4 32. Bf3 g6
33. Qd1 Qc3 34. Bd5 Kg7 35. Qf3 Qc1+ 36. Ke2 Qc2+ 37. Ke1 Qc1+ 38. Qd1 Qe3+ 39.
Kf1 h5 40. Kg2 Qc3 41. Qf3 Qd2+ 42. Kh3 f6 43. Bb3 Qd7+ 44. Kg2 Qd2+ 45. Qf2
Qd3 46. h4 a5 47. Qa7+ Kh6 48. Qe7 1-0

[Event "21st Open"]
[Site "Oberwart"]
[Date "1999.07.16"]
[Round "7.3"]
[White "BURMAKIN, Vladimir"]
[Black "GLEIZEROV, Evgeny"]
[Result "1/2-1/2"]
[WhiteElo "2579"]
[BlackElo "2520"]
[PlyCount "85"]
[EventDate "1999.07.16"]

1. d4 e6 2. Nf3 f5 3. g3 Nf6 4. Bg2 d5 5. c4 c6 6. O-O Bd6 7. b3 Qe7 8. Ne5 O-O
9. Qc2 Ne4 10. Nd3 b6 11. f3 Nf6 12. Nd2 e5 13. dxe5 Bxe5 14. Nxe5 Qxe5 15. Bb2
Qe3+ 16. Rf2 Be6 17. Ba3 Rc8 18. Bh3 Nbd7 19. Rd1 Qg5 20. e4 dxe4 21. Nxe4 Qh5
22. Nxf6+ Nxf6 23. Bg2 Re8 24. Bb2 Qf7 25. Bxf6 Qxf6 26. f4 Bf7 27. Qb2 Qe6 28.
Bf3 Rad8 29. Qb1 c5 30. Re2 Qf6 31. Rxd8 Rxd8 32. Re5 g6 33. Bd5 Rd7 34. Qe1
Kg7 35. Qe3 Qd8 36. Qf3 Qf6 37. Qe3 Qd8 38. Qf3 Qf6 39. Kg2 Kf8 40. Qe3 Qd8 41.
Qf3 Qf6 42. h3 Re7 43. Rxe7 {.} 1/2-1/2

[Event "21st Open"]
[Site "Oberwart"]
[Date "1999.07.16"]
[Round "7.5"]
[White "ULYBIN, Mikhail"]
[Black "MARTINOVIC, Slobodan"]
[Result "1-0"]
[WhiteElo "2562"]
[BlackElo "2445"]
[PlyCount "87"]
[EventDate "1999.07.16"]

1. d4 Nf6 2. c4 g6 3. Nc3 Bg7 4. e4 O-O 5. Nf3 c6 6. Bd3 d6 7. O-O Bg4 8. h3
Bxf3 9. Qxf3 Nfd7 10. Be3 c5 11. d5 Ne5 12. Qe2 Nxd3 13. Qxd3 Na6 14. Bg5 Nc7
15. f4 Qd7 16. Rae1 f6 17. Bh4 a6 18. Nb1 b5 19. Nd2 bxc4 20. Nxc4 Rae8 21. f5
Rb8 22. Rb1 Nb5 23. Bf2 Nc7 24. Be1 Bh6 25. a3 Kh8 26. Kh1 Rg8 27. b4 cxb4 28.
Bxb4 gxf5 29. Rxf5 Rg6 30. g4 Ne8 31. Na5 Qb5 32. Qxb5 Rxb5 33. Rff1 Be3 34.
Nc6 Rg7 35. a4 Rb7 36. Ba5 Rxb1 37. Rxb1 Kg8 38. Rb8 Kf8 39. Kg2 h5 40. Kf3 Bc5
41. gxh5 Rg5 42. Nd8 Rxh5 43. Ne6+ Kf7 44. Rxe8 1-0

[Event "21st Open"]
[Site "Oberwart"]
[Date "1999.07.16"]
[Round "7.6"]
[White "FARAGO, Ivan"]
[Black "CVITAN, Ognjen"]
[Result "0-1"]
[WhiteElo "2512"]
[BlackElo "2511"]
[PlyCount "132"]
[EventDate "1999.07.16"]

1. d4 Nf6 2. c4 g6 3. Nc3 Bg7 4. e4 d6 5. Be2 O-O 6. Bg5 a6 7. Nf3 h6 8. Be3
Ng4 9. Bd2 e5 10. d5 a5 11. Qc1 Kh7 12. h3 Nf6 13. g4 Nfd7 14. h4 Nc5 15. h5 g5
16. Nh2 Nba6 17. Be3 c6 18. Qd2 cxd5 19. cxd5 Bd7 20. f3 Qe8 21. O-O b5 22.
Rfc1 Bf6 23. Nf1 Qb8 24. Ng3 Rc8 25. Nd1 Bd8 26. Bf2 Bb6 27. Ne3 Qa7 28. Kg2
Nb7 29. Bf1 Bc5 30. Ngf5 Qb6 31. Qe2 Rc7 32. a4 bxa4 33. Nc4 Qb4 34. Be1 Qb5
35. Qd1 Ba7 36. Be2 Rac8 37. Ne7 Rb8 38. Bg3 Qb4 39. Nc6 Bxc6 40. dxc6 Rxc6 41.
Qd5 Nd8 42. Be1 Qc5 43. Qxc5 Nxc5 44. Nxa5 Rxb2 45. Kf1 Rc8 46. Rxa4 Nde6 47.
Rb4 Ra2 48. Nc4 Nf4 49. Rb2 Rxb2 50. Nxb2 Rb8 51. Nc4 Nb3 52. Rd1 Nd4 53. Ra1
Bc5 54. Bd1 Nde6 55. Bc2 Rc8 56. Bd1 Rc6 57. Bd2 Bd4 58. Ra4 Kg7 59. Na5 Rc7
60. Rc4 Ra7 61. Ra4 Nc5 62. Ra3 Rc7 63. Nb3 Rb7 64. Bc2 Nfe6 65. Ke1 Nxb3 66.
Bxb3 Bc5 0-1

[Event "21st Open"]
[Site "Oberwart"]
[Date "1999.07.16"]
[Round "7.7"]
[White "JURKOVIC, Hrvoje"]
[Black "DVOIRYS, Semen"]
[Result "0-1"]
[WhiteElo "2370"]
[BlackElo "2590"]
[PlyCount "70"]
[EventDate "1999.07.16"]

1. e4 c5 2. b4 cxb4 3. d4 Nf6 4. Bd3 Nc6 5. Ne2 d6 6. O-O g6 7. Nd2 Bg7 8. f4
O-O 9. Kh1 Bg4 10. Bb2 Nd7 11. Nf3 Nc5 12. Rb1 Nxd3 13. Qxd3 d5 14. e5 Qd7 15.
Ng3 f6 16. Nh4 fxe5 17. dxe5 e6 18. h3 Qe7 19. Nf3 Bxf3 20. Rxf3 Qc5 21. Ne2
Qc4 22. Qd1 Qxa2 23. Rb3 Qa6 24. Nd4 Nxd4 25. Qxd4 Rac8 26. Qxb4 Rxc2 27. Qxb7
Qe2 28. Rg1 Rxf4 29. Qe7 Rxb2 30. Qxe6+ Kh8 31. Rc3 Rf8 32. Rc8 Rb8 33. Rxb8
Rxb8 34. Rc1 Rf8 35. Rc8 Qe1+ 0-1

[Event "21st Open"]
[Site "Oberwart"]
[Date "1999.07.16"]
[Round "7.8"]
[White "WUKITS, Rene"]
[Black "GOLUBOVIC, Boris"]
[Result "1/2-1/2"]
[WhiteElo "2225"]
[BlackElo "2457"]
[PlyCount "84"]
[EventDate "1999.07.16"]

1. d4 Nf6 2. c4 g6 3. Nc3 Bg7 4. e4 d6 5. Be2 O-O 6. Nf3 Na6 7. O-O e5 8. d5
Nh5 9. g3 Nf6 10. Kg2 Nc5 11. Qc2 a5 12. Bg5 h6 13. Be3 b6 14. h3 Nfxe4 15.
Nxe4 Nxe4 16. Qxe4 Bf5 17. Qh4 e4 18. Ng5 hxg5 19. Bxg5 f6 20. Be3 Qe8 21. Qf4
Bd7 22. h4 Qe7 23. Rae1 f5 24. Bc1 Rae8 25. h5 g5 26. Qxg5 Qxg5 27. Bxg5 Bxb2
28. f3 Bc3 29. Rc1 Bf6 30. Bxf6 Rxf6 31. fxe4 Rxe4 32. Rce1 Kg7 33. Bd3 Re5 34.
Kf3 Rh6 35. Rh1 Be8 36. Kf4 Kf6 37. g4 fxg4 38. Rxe5 dxe5+ 39. Kxg4 Bd7+ 40.
Kh4 Be8 41. Kg4 Bd7+ 42. Kh4 Be8 1/2-1/2

[Event "21st Open"]
[Site "Oberwart"]
[Date "1999.07.16"]
[Round "7.9"]
[White "BALINOV, Ilia"]
[Black "WITTMANN, Walter"]
[Result "0-1"]
[WhiteElo "2448"]
[BlackElo "2364"]
[PlyCount "118"]
[EventDate "1999.07.16"]

1. e4 c5 2. Nf3 d6 3. d4 cxd4 4. Nxd4 Nf6 5. Nc3 Nc6 6. Bg5 e6 7. Qd2 Be7 8.
O-O-O O-O 9. f4 Nxd4 10. Qxd4 h6 11. Bh4 Qa5 12. Bb5 Rd8 13. e5 dxe5 14. Qxe5
Ng4 15. Rxd8+ Qxd8 16. Bxe7 Qxe7 17. Qe2 Nf6 18. g4 Bd7 19. g5 hxg5 20. fxg5
Bxb5 21. Qxb5 Nd5 22. Rg1 Nxc3 23. bxc3 Rc8 24. g6 fxg6 25. Rxg6 Qa3+ 26. Qb2
Qxb2+ 27. Kxb2 Kf7 28. Rg4 Rc5 29. a4 Kf6 30. h4 g6 31. Kb3 e5 32. c4 Rc6 33.
a5 Ra6 34. Kb4 Kf5 35. Rg1 e4 36. Kc5 Kf4 37. Kd4 Kf3 38. Rf1+ Ke2 39. Rf4 e3
40. Re4 Rd6+ 41. Kc5 Rd8 42. Re7 Kd2 43. Rxb7 Re8 44. Rb1 e2 45. Kd6 Kxc2 46.
Re1 Kd2 47. Rxe2+ Rxe2 48. c5 Re4 49. c6 Rxh4 50. c7 Rc4 51. Kd7 g5 52. c8=Q
Rxc8 53. Kxc8 g4 54. Kb7 g3 55. Kxa7 g2 56. Kb7 g1=Q 57. a6 Qg7+ 58. Kb8 Qe5+
59. Ka8 Qc7 0-1

[Event "21st Open"]
[Site "Oberwart"]
[Date "1999.07.16"]
[Round "7.10"]
[White "DANNER, Georg"]
[Black "KOSTIC, Vladimir"]
[Result "1-0"]
[WhiteElo "2405"]
[BlackElo "2402"]
[PlyCount "67"]
[EventDate "1999.07.16"]

1. d4 Nf6 2. Nf3 g6 3. c4 Bg7 4. Nc3 O-O 5. e4 d6 6. Be2 e5 7. d5 Na6 8. Nd2
Ne8 9. O-O f5 10. exf5 gxf5 11. f4 e4 12. Nb3 Nf6 13. Be3 Qe7 14. Qd2 Bd7 15.
Nb5 Kh8 16. Rac1 Qf7 17. Rfd1 Qg6 18. Bd4 Rg8 19. Rc3 e3 20. Qxe3 Bxb5 21. cxb5
Nxd5 22. Qf2 Nxc3 23. bxc3 Nc5 24. Nxc5 dxc5 25. Bxc5 Bxc3 26. Bc4 Rgd8 27.
Rxd8+ Rxd8 28. h3 Qf6 29. Kh2 Bd4 30. Bxd4 Rxd4 31. Be6 Re4 32. Bc8 Qd4 33. Qg3
Rxf4 34. Be6 1-0

[Event "21st Open"]
[Site "Oberwart"]
[Date "1999.07.16"]
[Round "7.11"]
[White "WOHLFAHRT, Herbert"]
[Black "GLADYSZEV, Oleg"]
[Result "1/2-1/2"]
[WhiteElo "2282"]
[BlackElo "2329"]
[PlyCount "88"]
[EventDate "1999.07.16"]

1. Nf3 Nf6 2. g3 g6 3. b3 Bg7 4. Bb2 O-O 5. Bg2 d6 6. d4 Nbd7 7. O-O e5 8. dxe5
Ng4 9. Nbd2 Ngxe5 10. Qc1 Qe7 11. c4 Re8 12. Bc3 a5 13. Qb2 Nc5 14. Nxe5 Bxe5
15. Nf3 Bxc3 16. Qxc3 Bg4 17. Rfe1 Qd7 18. a3 Bh3 19. Bh1 Qf5 20. Nh4 Qe6 21.
Rad1 Ne4 22. Qd4 Qe5 23. Qxe5 Rxe5 24. Bxe4 Rxe4 25. f3 Re5 26. Ng2 Bxg2 27.
Kxg2 Rae8 28. Kf2 f5 29. Rd4 Kf7 30. e3 Kf6 31. a4 R8e7 32. f4 Re4 33. Rxe4
Rxe4 34. Rd1 h6 35. Rd5 b6 36. Rd4 Re6 37. Kf3 g5 38. h3 h5 39. fxg5+ Kxg5 40.
Rf4 Re7 41. e4 fxe4+ 42. Rxe4 Rf7+ 43. Rf4 Re7 44. Re4 Rf7+ {.} 1/2-1/2

[Event "21st Open"]
[Site "Oberwart"]
[Date "1999.07.16"]
[Round "7.12"]
[White "RUCK, Robert"]
[Black "PETSCHAR, Kurt"]
[Result "1-0"]
[WhiteElo "2485"]
[BlackElo "2250"]
[PlyCount "51"]
[EventDate "1999.07.16"]

1. d4 d5 2. c4 c6 3. Nf3 Nf6 4. Nc3 e6 5. Bg5 h6 6. Bxf6 Qxf6 7. e3 Nd7 8. Bd3
Qd8 9. O-O Be7 10. a3 O-O 11. Qc2 dxc4 12. Bxc4 b6 13. Rad1 Bb7 14. Ba2 Re8 15.
e4 Qc7 16. Rfe1 a6 17. e5 Nf8 18. Qe4 Red8 19. Qg4 Rd7 20. Rd3 Rad8 21. Red1
Qc8 22. Ne4 Nh7 23. Nh4 Ng5 24. Ng6 Nxe4 25. Bxe6 Qc7 26. Bxd7 1-0

[Event "21st Open"]
[Site "Oberwart"]
[Date "1999.07.16"]
[Round "7.13"]
[White "IVANCSICS, Michael"]
[Black "STANEC, Nikolaus"]
[Result "0-1"]
[WhiteElo "2248"]
[BlackElo "2477"]
[PlyCount "110"]
[EventDate "1999.07.16"]

1. d4 Nf6 2. c4 d6 3. Nf3 Nbd7 4. Nc3 e5 5. g3 c6 6. e4 Be7 7. Bg2 O-O 8. O-O
Qc7 9. h3 Re8 10. Be3 Bf8 11. Rb1 a5 12. Re1 exd4 13. Nxd4 Nc5 14. Qc2 Bd7 15.
b3 g6 16. Rbd1 Rad8 17. Bg5 Bg7 18. Ndb5 Qb8 19. Nxd6 Re5 20. f4 Rxg5 21. fxg5
Ne8 22. e5 Nxd6 23. exd6 Bf5 24. Qd2 Nd3 25. Re3 Qa7 26. c5 Qxc5 27. Na4 Qxd6
28. Kh2 Bd4 29. Rxd3 Bxd3 30. Qxd3 Bg1+ 31. Kxg1 Qxd3 32. Rxd3 Rxd3 33. Nc5
Rd1+ 34. Kf2 Rd2+ 35. Kf1 b6 36. Ne4 Rxa2 37. Nf6+ Kg7 38. Bxc6 Rb2 39. Bd5 b5
40. Ne4 a4 41. bxa4 bxa4 42. Nc3 a3 43. Ne2 a2 44. Bxa2 Rxa2 45. Kf2 Kf8 46.
Kf3 Ke7 47. h4 Kd6 48. Nf4 Ra3+ 49. Kg4 Ke5 50. Kh3 Ke4 51. Kg4 Ra4 52. Ng2 Rc4
53. Ne1 Ke3+ 54. Kh3 Rc1 55. Ng2+ Kf3 0-1

[Event "21st Open"]
[Site "Oberwart"]
[Date "1999.07.16"]
[Round "7.14"]
[White "WEISS, Christian"]
[Black "ZELENIKA, Srdjan"]
[Result "1/2-1/2"]
[WhiteElo "2444"]
[BlackElo "2286"]
[PlyCount "168"]
[EventDate "1999.07.16"]

1. g3 g6 2. Bg2 Bg7 3. e4 c5 4. f4 Nc6 5. Nf3 d6 6. Nc3 e6 7. d3 Nge7 8. O-O
O-O 9. Be3 b6 10. Qe1 Bb7 11. g4 f5 12. Ng5 Qd7 13. Qh4 h6 14. Nh3 d5 15. exd5
exd5 16. Bd2 Nd4 17. g5 h5 18. Rac1 b5 19. Rfe1 Rfe8 20. Nd1 b4 21. c3 Ndc6 22.
Qf2 Qd6 23. Qe2 Kf7 24. Nhf2 a5 25. Ne3 Rad8 26. Qf3 Rd7 27. Nc2 Nc8 28. Rxe8
Kxe8 29. Re1+ Kf8 30. Nd1 Nb6 31. cxb4 Nxb4 32. Nxb4 axb4 33. a3 Na4 34. axb4
cxb4 35. Qe3 Rd8 36. Qa7 Nc5 37. Qa5 Nxd3 38. Re6 Qc5+ 39. Qxc5+ Nxc5 40. Bxb4
Bd4+ 41. Kh1 Kf7 42. Rb6 Ba8 43. Nc3 Rd7 44. Rb8 Na6 45. Rxa8 Nxb4 46. Ra4 Bc5
47. Bf3 d4 48. Nd1 Nd3 49. Rc4 Rc7 50. h4 Ke6 51. Ra4 Ra7 52. Rc4 Kd6 53. Kh2
Ra2 54. Kg3 Ra1 55. Rc2 Nb4 56. Rd2 Rb1 57. Nf2 Bb6 58. Bd1 Nd5 59. Bb3 Rg1+
60. Kh2 Re1 61. Nd3 Re3 62. Bc4 Ba5 63. Rd1 Re2+ 64. Kh1 Ne3 65. Ne5 Re1+ 66.
Rxe1 Bxe1 67. Bf7 Bxh4 68. Nd3 Bg3 69. Bxg6 Nd5 70. Bxf5 Bxf4 71. g6 Bh6 72. b4
Bg7 73. Kh2 Bf6 74. Kg3 Nb6 75. Be4 Nd7 76. Kf4 h4 77. Kf5 Bg7 78. Kg5 h3 79.
Nf2 Nf6 80. Bf3 h2 81. Kf5 Nd5 82. b5 Ne7+ 83. Kg5 Kc5 84. Be2 Nd5 1/2-1/2

[Event "21st Open"]
[Site "Oberwart"]
[Date "1999.07.16"]
[Round "7.15"]
[White "HANSEN, Kay"]
[Black "ZIMMERMAN, Yuri"]
[Result "0-1"]
[WhiteElo "2240"]
[BlackElo "2440"]
[PlyCount "150"]
[EventDate "1999.07.16"]

1. d4 g6 2. Nf3 Bg7 3. c3 Nf6 4. Bf4 O-O 5. Nbd2 d6 6. e4 Nbd7 7. h3 e5 8. dxe5
dxe5 9. Bh2 Qe7 10. Qc2 Ne8 11. a4 Nd6 12. Nc4 Nxc4 13. Bxc4 a5 14. Rd1 Nc5 15.
O-O Bd7 16. b3 Rfe8 17. Bg3 Be6 18. Bxe6 Qxe6 19. Rd5 Qb6 20. Rb1 c6 21. Rdd1
f6 22. Nd2 Red8 23. Nc4 Rxd1+ 24. Qxd1 Qc7 25. f3 Rd8 26. Qe2 Bf8 27. Bf2 Nd3
28. Bb6 Bc5+ 29. Bxc5 Nxc5 30. Qa2 Kg7 31. b4 axb4 32. cxb4 Ne6 33. a5 Nd4 34.
Qf2 Qf7 35. Ne3 Nb5 36. Rb2 Rd4 37. Qc2 Qe7 38. a6 Rxb4 39. Nd5 cxd5 40. Rxb4
Qxb4 41. axb7 Nc3 42. Qxc3 Qxc3 43. b8=Q dxe4 44. Qb7+ Kh6 45. fxe4 Kg5 46. Kh2
h5 47. Qd7 Qe3 48. Qc6 h4 49. Kh1 Qd2 50. Kg1 Qd1+ 51. Kf2 Qd4+ 52. Kf1 Qe3 53.
Qd5 Kf4 54. Qf7 Qxe4 55. Qxf6+ Ke3 56. Kg1 Kd2 57. Kh1 Ke2 58. Qa6+ Qd3 59. Qf6
Qb1+ 60. Kh2 Qe4 61. Qa6+ Qd3 62. Qf6 Qg3+ 63. Kh1 g5 64. Qg6 Qe3 65. Qc2+ Ke1
66. Qb1+ Kf2 67. Qf5+ Ke1 68. Qb1+ Kd2 69. Qb2+ Kd1 70. Qa1+ Ke2 71. Qb2+ Kf1
72. Qb1+ Qe1 73. Qf5+ Ke2+ 74. Kh2 Qg3+ 75. Kg1 Qe3+ 0-1

[Event "21st Open"]
[Site "Oberwart"]
[Date "1999.07.16"]
[Round "7.16"]
[White "SANDHOEFNER, Florian"]
[Black "KOUTSIN, Sergej"]
[Result "0-1"]
[WhiteElo "2233"]
[BlackElo "2415"]
[PlyCount "72"]
[EventDate "1999.07.16"]

1. e4 e6 2. d4 d5 3. Nd2 c5 4. exd5 Qxd5 5. Ngf3 cxd4 6. Bc4 Qd6 7. O-O Nf6 8.
Nb3 Nc6 9. Nbxd4 Nxd4 10. Nxd4 a6 11. c3 Qc7 12. Qe2 Bd6 13. h3 O-O 14. Bg5 Ne4
15. Be3 b6 16. Rad1 Bb7 17. Bd3 Rfe8 18. Bc1 Nf6 19. Bb1 h6 20. c4 Rad8 21. b3
Qc5 22. Nc2 Qc6 23. Ne3 Ne4 24. Bb2 Ng5 25. f3 f5 26. Rd3 Bc5 27. Kh2 Qc7+ 28.
f4 Rxd3 29. Bxd3 Ne4 30. Ng4 Rd8 31. Ne5 Bd4 32. Bxd4 Rxd4 33. Qh5 Nf6 34. Qg6
Rxf4 35. Re1 Rf2 36. Bf1 Rxf1 0-1